IFM Opac

Financial analysis and business decisions on the pocket calculation (Record no. 14113)

MARC details
000 -LEADER
fixed length control field 00482nam a22001577a 4500
020 ## - INTERNATIONAL STANDARD BOOK NUMBER
International Standard Book Number 0471801844
082 ## - DEWEY DECIMAL CLASSIFICATION NUMBER
Classification number 658.40302854SMI
100 ## - MAIN ENTRY--PERSONAL NAME
Personal name Smith, Jon. M.
245 ## - TITLE STATEMENT
Title Financial analysis and business decisions on the pocket calculation
260 ## - PUBLICATION, DISTRIBUTION, ETC.
Place of publication, distribution, etc. London
Name of publisher, distributor, etc. John Wiley
Date of publication, distribution, etc. 1976
300 ## - PHYSICAL DESCRIPTION
Extent xix,317p
Other physical details ill,:25cm
500 ## - GENERAL NOTE
General note Include Appendix and Index
650 ## - SUBJECT ADDED ENTRY--TOPICAL TERM
Topical term or geographic name entry element Financial analysis and business decisions on the pocket calculation
700 ## - ADDED ENTRY--PERSONAL NAME
Personal name Smith, Jon. M
942 ## - ADDED ENTRY ELEMENTS (KOHA)
Koha item type Books
Holdings
Withdrawn status Lost status Source of classification or shelving scheme Damaged status Not for loan Home library Current library Shelving location Date acquired Full call number Barcode Date last seen Price effective from Koha item type
    Dewey Decimal Classification     IFM Main Campus Library IFM Main Campus Library General Collection 11/19/2015 658.40302854SMI 0000011745 11/19/2015 11/19/2015 Books